[Event "GER Seniors Derby 15th"]
[Site "Wesel Undeloh"]
[Date "2016.04.08"]
[Round "6"]
[White "Mueggenburg, Rolf"]
[Black "Sicker, Rolf"]
[Result "0-1"]
[WhiteElo "1775"]
[BlackElo "2100"]
[PlyCount "40"]
[EventDate "2016.04.06"]
[EventType "swiss"]
[EventRounds "9"]
[EventCountry "GER"]
[SourceTitle "EXT 2019"]
[Source "ChessBase"]
[SourceDate "2018.10.10"]
[SourceVersion "1"]
[SourceVersionDate "2018.10.10"]
[SourceQuality "1"]

1. d4 d5 2. e4 Nc6 3. e5 Bf5 4. Bb5 Qd7 5. c3 f6 6. Qe2 fxe5 7. Bxc6 Qxc6 8. Qxe5 e6 9. Qe2 Nf6 10. f3 0-0-0 11. Bf4 Bd6 12. Be5 Bxe5 13. dxe5 Nd7 14. Nd2 Qb6 15. Nb3 Nc5 16. Nxc5 Qxc5 17. g4 Bg6 18. Nh3 d4 19. Nf4 d3 20. Nxe6 Qb6 0-1

[Event "GER Seniors Derby 15th"]
[Site "Wesel Undeloh"]
[Date "2016.04.08"]
[Round "5"]
[White "Sicker, Rolf"]
[Black "Jeske, Holger"]
[Result "1-0"]
[WhiteElo "2100"]
[BlackElo "1905"]
[PlyCount "61"]
[EventDate "2016.04.06"]
[EventType "swiss"]
[EventRounds "9"]
[EventCountry "GER"]
[SourceTitle "EXT 2019"]
[Source "ChessBase"]
[SourceDate "2018.10.10"]
[SourceVersion "1"]
[SourceVersionDate "2018.10.10"]
[SourceQuality "1"]

1. e4 d6 2. d4 g6 3. Nc3 Bg7 4. Be3 e5 5. dxe5 Bxe5 6. Qd2 Be6 7. Nf3 Nd7 8. Be2 Bg7 9. 0-0 f6 10. Nd4 Bf7 11. f4 Ne7 12. Rae1 0-0 13. Bg4 f5 14. exf5 Bxd4 15. Bxd4 gxf5 16. Bf3 c6 17. Bf2 Nc8 18. Re3 d5 19. Be2 h6 20. Rh3 Kh7 21. Bh4 Qb6+ 22. Kh1 Rg8 23. Bg5 Rg6 24. Bh5 hxg5 25. Bxg6+ Kxg6 26. fxg5 Nd6 27. Rh6+ Kg7 28. Rxd6 Rd8 29. Na4 Qb5 30. Qd4+ Kg8 31. Qf4 1-0

[Event "GER-chT10 LJ-01 Br04 email"]
[Site "GER email"]
[Date "2013.10.05"]
[Round "?"]
[White "Sicker, Rolf"]
[Black "Schulz, Volker"]
[Result "1/2-1/2"]
[WhiteElo "1941"]
[BlackElo "2281"]
[PlyCount "77"]
[EventDate "2013.10.15"]
[EventType "tourn (corr)"]
[EventRounds "8"]
[EventCountry "GER"]
[SourceTitle "Corr 2015"]
[Source "ChessBase"]
[SourceDate "2015.07.17"]
[SourceVersion "1"]
[SourceVersionDate "2015.07.17"]
[SourceQuality "1"]

1. e4 c5 2. c3 Nf6 3. e5 Nd5 4. d4 cxd4 5. Nf3 Nc6 6. cxd4 d6 7. Bc4 dxe5 8. dxe5 Be6 9. 0-0 g6 10. Ng5 Bg7 11. Nxe6 fxe6 12. Nc3 Nxc3 13. bxc3 Qxd1 14. Rxd1 Bxe5 15. Bxe6 Bxc3 16. Rb1 Nd4 17. Bh3 b5 18. Be3 Rd8 19. Kf1 Rf8 20. a3 a5 21. f3 e5 22. Bxd4 exd4 23. Rxb5 Rf6 24. Ke2 Rf7 25. Kd3 Re7 26. f4 Kf8 27. Re5 Rb7 28. Be6 Rb2 29. Bd5 Kg7 30. h3 Rd7 31. a4 Rf2 32. g3 Rc7 33. Re2 Rxe2 34. Kxe2 Re7+ 35. Kf2 Kf6 36. Bc4 Re3 37. h4 Re7 38. Rb1 Bb4 39. Rd1 1/2-1/2

[Event "Kupec Memorial R2 email"]
[Site "Remote email"]
[Date "2013.10.01"]
[Round "?"]
[White "Allerberger, Peter"]
[Black "Sicker, Rolf"]
[Result "1-0"]
[WhiteElo "2520"]
[BlackElo "2371"]
[PlyCount "55"]
[EventDate "2013.??.??"]
[EventType "tourn (corr)"]
[EventRounds "6"]
[EventCountry "GER"]
[SourceTitle "Corr 2015"]
[Source "ChessBase"]
[SourceDate "2015.07.17"]
[SourceVersion "1"]
[SourceVersionDate "2015.07.17"]
[SourceQuality "1"]

1. e4 Nc6 2. d4 d5 3. Nc3 e5 4. dxe5 d4 5. Nd5 f5 6. exf6 Nxf6 7. Bc4 Be6 8. Bg5 Nxd5 9. Bxd8 Bb4+ 10. Ke2 Ne3 11. Bxe6 Nxd1 12. Rxd1 Rxd8 13. Nf3 Bc5 14. Bd5 Ne7 15. Bb3 Nc6 16. Ng5 Rd7 17. f4 Nd8 18. e5 a6 19. Kf3 h6 20. e6 Re7 21. Nf7 Rf8 22. Rhe1 Nxe6 23. Bxe6 Rfxf7 24. Bxf7+ Kxf7 25. Rxe7+ Kxe7 26. Re1+ Kd7 27. Re4 Bb6 28. b4 1-0

[Event "Kupec Memorial R2 email"]
[Site "Remote email"]
[Date "2013.10.01"]
[Round "?"]
[White "Sicker, Rolf"]
[Black "Cabrera Trujillo, Claudio Tomas"]
[Result "1-0"]
[WhiteElo "2371"]
[BlackElo "1880"]
[PlyCount "59"]
[EventDate "2013.??.??"]
[EventType "tourn (corr)"]
[EventRounds "6"]
[EventCountry "GER"]
[SourceTitle "Corr 2015"]
[Source "ChessBase"]
[SourceDate "2015.07.17"]
[SourceVersion "1"]
[SourceVersionDate "2015.07.17"]
[SourceQuality "1"]

1. e4 e5 2. Nf3 Nc6 3. Bc4 Bc5 4. b4 Bb6 5. Bb2 d6 6. a4 a6 7. b5 Na5 8. Be2 Nf6 9. Nc3 0-0 10. 0-0 Be6 11. d3 c6 12. Rb1 Re8 13. Ba1 Bd7 14. bxa6 bxa6 15. Qd2 Qc7 16. d4 exd4 17. Nxd4 Nxe4 18. Nxe4 Rxe4 19. Nf3 d5 20. Bd3 Re6 21. Qg5 f6 22. Qh5 Be8 23. Qxh7+ Kf8 24. Bf5 Re2 25. Qh8+ Ke7 26. Qxg7+ Bf7 27. Bxf6+ Kd6 28. Qg3+ Kc5 29. Bd4+ Kc4 30. Bd3# 1-0

[Event "Remote Federal-ch email"]
[Site "Remote email"]
[Date "2013.09.11"]
[Round "?"]
[White "Franken, Paul"]
[Black "Sicker, Rolf"]
[Result "1-0"]
[WhiteElo "2358"]
[BlackElo "2371"]
[PlyCount "59"]
[EventDate "2013.??.??"]
[EventType "swiss (corr)"]
[EventRounds "12"]
[EventCountry "GER"]
[SourceTitle "Corr 2015"]
[Source "ChessBase"]
[SourceDate "2015.07.17"]
[SourceVersion "1"]
[SourceVersionDate "2015.07.17"]
[SourceQuality "1"]

1. e4 Nc6 2. Nf3 d5 3. exd5 Qxd5 4. Nc3 Qa5 5. d4 Bg4 6. Bb5 e6 7. Qd3 Bxf3 8. Qxf3 Nge7 9. 0-0 a6 10. Bxc6+ Nxc6 11. d5 Nd8 12. Re1 Bd6 13. Qg4 Kf8 14. Bf4 h5 15. Qf3 Bxf4 16. Qxf4 Rh6 17. Rad1 Kg8 18. h3 Qb6 19. b3 Rf6 20. Qh4 Rh6 21. a4 Qa5 22. b4 Qb6 23. dxe6 Nxe6 24. Nd5 Qa7 25. Ne7+ Kh7 26. Re5 g5 27. Qe4+ Kh8 28. Rf5 Rf8 29. Qe5+ Kh7 30. h4 1-0

[Event "Remote Federal-ch email"]
[Site "Remote email"]
[Date "2013.09.11"]
[Round "?"]
[White "Jarecki, Marian"]
[Black "Sicker, Rolf"]
[Result "1/2-1/2"]
[WhiteElo "2265"]
[BlackElo "2371"]
[PlyCount "54"]
[EventDate "2013.??.??"]
[EventType "swiss (corr)"]
[EventRounds "12"]
[EventCountry "GER"]
[SourceTitle "Corr 2015"]
[Source "ChessBase"]
[SourceDate "2015.07.17"]
[SourceVersion "1"]
[SourceVersionDate "2015.07.17"]
[SourceQuality "1"]

1. e4 Nc6 2. Nf3 d5 3. e5 Bg4 4. d4 f6 5. Bb5 Qd7 6. 0-0 0-0-0 7. c3 a6 8. Ba4 b5 9. Bc2 fxe5 10. dxe5 Nxe5 11. Nxe5 Bxd1 12. Nxd7 Bxc2 13. Ne5 Bg6 14. a4 bxa4 15. Rxa4 Rd6 16. Bf4 Rb6 17. Nd2 e6 18. Rfa1 Bd6 19. Nxg6 hxg6 20. Bxd6 cxd6 21. Rxa6 Rxb2 22. Nf3 Nf6 23. Rxd6 Re8 24. Ne5 Kb7 25. h4 Rb6 26. Rxb6+ Kxb6 27. f3 Rc8 1/2-1/2

[Event "Remote Federal-ch email"]
[Site "Remote email"]
[Date "2013.09.11"]
[Round "?"]
[White "Sicker, Rolf"]
[Black "Mantau, Jan"]
[Result "1-0"]
[WhiteElo "2371"]
[BlackElo "1977"]
[PlyCount "49"]
[EventDate "2013.??.??"]
[EventType "swiss (corr)"]
[EventRounds "12"]
[EventCountry "GER"]
[SourceTitle "Corr 2015"]
[Source "ChessBase"]
[SourceDate "2015.07.17"]
[SourceVersion "1"]
[SourceVersionDate "2015.07.17"]
[SourceQuality "1"]

1. e4 c5 2. c3 d5 3. exd5 Qxd5 4. d4 Nf6 5. Nf3 Bg4 6. Be2 e6 7. 0-0 Nc6 8. Na3 cxd4 9. Nb5 Qd8 10. Nfxd4 Bxe2 11. Qxe2 Be7 12. Rd1 Qb8 13. Qf3 Ne5 14. Qg3 Nh5 15. Qh3 g6 16. Bh6 a6 17. Na3 Qc7 18. Re1 0-0-0 19. Nxe6 fxe6 20. Qxe6+ Kb8 21. Rxe5 Bd6 22. Re4 Bxh2+ 23. Kh1 Rd6 24. Qh3 Rhd8 25. Qxh2 1-0

[Event "Remote Jubilee Gr.B email"]
[Site "Remote email"]
[Date "2013.09.02"]
[Round "?"]
[White "Sicker, Rolf"]
[Black "Wassilieff, Hans Dieter"]
[Result "1/2-1/2"]
[WhiteElo "2371"]
[BlackElo "2389"]
[PlyCount "51"]
[EventDate "2013.??.??"]
[EventType "tourn (corr)"]
[EventRounds "11"]
[EventCountry "GER"]
[SourceTitle "Corr 2015"]
[Source "ChessBase"]
[SourceDate "2015.07.17"]
[SourceVersion "1"]
[SourceVersionDate "2015.07.17"]
[SourceQuality "1"]

1. e4 c5 2. c3 Nf6 3. e5 Nd5 4. d4 cxd4 5. Nf3 Nc6 6. cxd4 d6 7. Nc3 dxe5 8. dxe5 Nxc3 9. Qxd8+ Kxd8 10. bxc3 Bg4 11. Be2 e6 12. Ng5 Bxe2 13. Kxe2 Ke8 14. f4 Be7 15. Ne4 Rd8 16. Be3 f5 17. exf6 gxf6 18. Rad1 Kf7 19. g4 b6 20. h4 Rhg8 21. g5 f5 22. Nd2 Rd5 23. Nb3 Rgd8 24. Rxd5 Rxd5 25. h5 e5 26. Rc1 1/2-1/2

[Event "Remote 11er 0044 email"]
[Site "Remote email"]
[Date "2013.07.08"]
[Round "?"]
[White "Sicker, Rolf"]
[Black "Bonow, Valdir Maas"]
[Result "1-0"]
[WhiteElo "2368"]
[BlackElo "1905"]
[PlyCount "67"]
[EventDate "2013.??.??"]
[EventType "tourn (corr)"]
[EventRounds "10"]
[EventCountry "GER"]
[SourceTitle "Corr 2015"]
[Source "ChessBase"]
[SourceDate "2015.07.17"]
[SourceVersion "1"]
[SourceVersionDate "2015.07.17"]
[SourceQuality "1"]

1. e4 c5 2. c3 d5 3. exd5 Qxd5 4. d4 Nf6 5. Nf3 Bg4 6. Be2 e6 7. 0-0 Be7 8. Na3 0-0 9. h3 Bf5 10. Nb5 Qd7 11. dxc5 Qxd1 12. Rxd1 Nc6 13. Nd6 Bxd6 14. cxd6 Rfd8 15. Bf4 Rd7 16. Ne5 Rdd8 17. Nxc6 bxc6 18. g4 Be4 19. Rd2 Nd5 20. Bg3 f5 21. f3 f4 22. Bh4 Bg6 23. Bxd8 Rxd8 24. c4 Nf6 25. c5 Nd7 26. b4 h5 27. b5 Ne5 28. bxc6 Nxc6 29. Bb5 Be8 30. d7 Rxd7 31. Rxd7 Bxd7 32. Rd1 Be8 33. Rd6 hxg4 34. Bxc6 1-0

[Event "Remote 11er 0044 email"]
[Site "Remote email"]
[Date "2013.07.08"]
[Round "?"]
[White "Sicker, Rolf"]
[Black "Cabrera Trujillo, Claudio Tomas"]
[Result "1-0"]
[WhiteElo "2371"]
[BlackElo "1912"]
[PlyCount "41"]
[EventDate "2013.??.??"]
[EventType "tourn (corr)"]
[EventRounds "10"]
[EventCountry "GER"]
[SourceTitle "Corr 2015"]
[Source "ChessBase"]
[SourceDate "2015.07.17"]
[SourceVersion "1"]
[SourceVersionDate "2015.07.17"]
[SourceQuality "1"]

1. e4 e5 2. Nf3 Nc6 3. Bc4 Nf6 4. d3 Bc5 5. c3 a6 6. 0-0 0-0 7. d4 Bb6 8. dxe5 Nxe4 9. Bd5 Nc5 10. Bg5 Ne7 11. Nbd2 Ne6 12. Bxe7 Qxe7 13. Nc4 d6 14. exd6 Qd8 15. Nxb6 cxb6 16. Bb3 Nc5 17. Re1 Be6 18. Bxe6 Nxe6 19. Ne5 Rc8 20. Re3 Qf6 21. Nd7 1-0

[Event "Remote 11er 0044 email"]
[Site "Remote email"]
[Date "2013.07.08"]
[Round "?"]
[White "Valverde Lopez, Mario"]
[Black "Sicker, Rolf"]
[Result "0-1"]
[WhiteElo "2021"]
[BlackElo "2368"]
[PlyCount "90"]
[EventDate "2013.??.??"]
[EventType "tourn (corr)"]
[EventRounds "10"]
[EventCountry "GER"]
[SourceTitle "Corr 2015"]
[Source "ChessBase"]
[SourceDate "2015.07.17"]
[SourceVersion "1"]
[SourceVersionDate "2015.07.17"]
[SourceQuality "1"]

1. f4 d5 2. Nf3 g6 3. g3 Bg7 4. Bg2 c6 5. 0-0 Nh6 6. d4 Nf5 7. Nc3 h5 8. Re1 Na6 9. Ne5 h4 10. g4 h3 11. Bf1 Nh6 12. e4 Bxe5 13. fxe5 Bxg4 14. Qd3 dxe4 15. Nxe4 Nf5 16. c3 Ng7 17. Bg5 Bf5 18. Qd2 Qd5 19. c4 Qd7 20. Rad1 Bxe4 21. Rxe4 0-0-0 22. Be2 Nf5 23. Qc3 Kb8 24. e6 fxe6 25. Bf4+ Ka8 26. Be5 Rh7 27. Rg4 Rg8 28. Rd3 Nb8 29. Qa5 g5 30. Ra3 a6 31. Qb6 Rh4 32. Rd3 Nd6 33. Qb4 c5 34. dxc5 Qc6 35. Rdg3 Nf5 36. Bf3 Rxg4 37. Bxc6 Nxc6 38. Qb3 Nxg3 39. Bxg3 Rf8 40. Qd1 Rxc4 41. b3 Rxc5 42. b4 Nxb4 43. Be1 Nxa2 44. Qd3 Rc1 45. Qe2 Nb4 0-1

[Event "Remote Master email"]
[Site "Remote email"]
[Date "2013.02.10"]
[Round "?"]
[White "Santos, Pedro Miguel da Ros"]
[Black "Sicker, Rolf"]
[Result "0-1"]
[WhiteElo "1700"]
[BlackElo "2371"]
[PlyCount "96"]
[EventDate "2013.??.??"]
[EventType "swiss (corr)"]
[EventRounds "6"]
[EventCountry "GER"]
[SourceTitle "Corr 2015"]
[Source "ChessBase"]
[SourceDate "2015.07.17"]
[SourceVersion "1"]
[SourceVersionDate "2015.07.17"]
[SourceQuality "1"]

1. e4 Nc6 2. Nf3 d5 3. e5 Bg4 4. d4 Qd7 5. Be2 f6 6. Nbd2 0-0-0 7. c3 fxe5 8. dxe5 e6 9. b4 d4 10. Nxd4 Bxe2 11. Nxe2 Nxe5 12. 0-0 Nc4 13. Nd4 Bxb4 14. cxb4 Qxd4 15. Rb1 Nxd2 16. Bxd2 Qxd2 17. Qxd2 Rxd2 18. a4 Nf6 19. Rbe1 Re8 20. Ra1 e5 21. f3 e4 22. h3 exf3 23. Rf2 Rxf2 24. Kxf2 fxg2 25. Kxg2 Re2+ 26. Kf3 Rb2 27. b5 b6 28. Ra3 Rh2 29. Kg3 Rd2 30. Kf3 Kd7 31. a5 Rb2 32. axb6 axb6 33. Rd3+ Kc8 34. Re3 Rxb5 35. Kf2 Kd7 36. Ke2 c5 37. Rg3 Rb2+ 38. Kd1 g6 39. Kc1 Rf2 40. Ra3 Kc6 41. Kd1 c4 42. Ke1 Rh2 43. Rf3 Nd5 44. Kd1 b5 45. Kc1 b4 46. Kd1 b3 47. Kc1 c3 48. Kd1 b2 0-1

[Event "Remote 4er 0223 email"]
[Site "Remote email"]
[Date "2012.10.17"]
[Round "?"]
[White "Sicker, Rolf"]
[Black "Peschen, Rainer"]
[Result "1-0"]
[WhiteElo "2371"]
[BlackElo "2146"]
[PlyCount "97"]
[EventDate "2012.??.??"]
[EventType "tourn (corr)"]
[EventRounds "6"]
[EventCountry "GER"]
[SourceTitle "Corr 2015"]
[Source "ChessBase"]
[SourceDate "2015.07.17"]
[SourceVersion "1"]
[SourceVersionDate "2015.07.17"]
[SourceQuality "1"]

1. e4 e5 2. Nf3 Nc6 3. Bc4 Nf6 4. d3 Bc5 5. Nc3 d6 6. Bg5 h6 7. Bxf6 Qxf6 8. Nd5 Qd8 9. c3 a6 10. d4 Ba7 11. h3 0-0 12. 0-0 Re8 13. Re1 Be6 14. a4 exd4 15. cxd4 Na5 16. Ba2 c6 17. Nf4 Bxa2 18. Rxa2 Qf6 19. g3 c5 20. Nd5 Qe6 21. Ra3 Rac8 22. Nf4 Qd7 23. dxc5 Nc4 24. Ra2 Bxc5 25. b3 Ne5 26. Nxe5 Rxe5 27. Kg2 f5 28. Ng6 Rxe4 29. Rxe4 fxe4 30. Qd5+ Kh7 31. Ne7 Qxe7 32. Qf5+ g6 33. Qxc8 Qf7 34. Rc2 h5 35. b4 Qf3+ 36. Kh2 Bxf2 37. Qd7+ Kh6 38. Qxd6 e3 39. Qf4+ Qxf4 40. gxf4 Be1 41. Re2 Bd2 42. b5 axb5 43. axb5 Kg7 44. Kg3 Kf6 45. Kf3 Kf5 46. Rg2 Kf6 47. Ke2 Kf5 48. Rg5+ Kxf4 49. Rxg6 1-0

[Event "Remote email"]
[Site "Remote email"]
[Date "2012.06.15"]
[Round "?"]
[White "Sicker, Rolf"]
[Black "Guenschmann, Martin"]
[Result "1-0"]
[WhiteElo "2351"]
[BlackElo "1881"]
[PlyCount "95"]
[EventDate "2012.??.??"]
[EventType "tourn (corr)"]
[EventRounds "6"]
[EventCountry "GER"]
[SourceTitle "Corr 2015"]
[Source "ChessBase"]
[SourceDate "2015.07.17"]
[SourceVersion "1"]
[SourceVersionDate "2015.07.17"]
[SourceQuality "1"]

1. e4 e6 2. d4 d5 3. Nc3 Nf6 4. Bg5 dxe4 5. Nxe4 Be7 6. Bxf6 gxf6 7. Nf3 a6 8. Qd2 b5 9. 0-0-0 Bb7 10. Qe3 Nd7 11. Be2 Nb6 12. Rhg1 Bxe4 13. Qxe4 Qd5 14. Qxd5 Nxd5 15. c4 bxc4 16. Bxc4 c6 17. Kb1 Kd7 18. g3 a5 19. Rd2 Rhg8 20. Rc1 Bd6 21. Be2 a4 22. Rdc2 Rac8 23. Ne1 Nb4 24. Rc4 a3 25. b3 Rb8 26. Nd3 Nxd3 27. Bxd3 Rb4 28. Be4 Rxc4 29. Rxc4 Rc8 30. b4 f5 31. Bg2 h5 32. Kc2 f4 33. Kb3 fxg3 34. hxg3 Bb8 35. Kxa3 h4 36. gxh4 Rh8 37. Bxc6+ Kd6 38. b5 Rxh4 39. b6 Rh2 40. f3 f5 41. Kb3 Rh1 42. Kb4 Ke7 43. b7 Rh4 44. a4 Bc7 45. a5 Rh1 46. Kc5 Ra1 47. Ba4 Bb8 48. Kb6 1-0

[Event "Remote Zuechner Memorial email"]
[Site "Remote email"]
[Date "2011.10.09"]
[Round "?"]
[White "Markus, Roland"]
[Black "Sicker, Rolf"]
[Result "1-0"]
[WhiteElo "2374"]
[BlackElo "2305"]
[PlyCount "63"]
[EventDate "2011.??.??"]
[EventType "tourn (corr)"]
[EventRounds "9"]
[EventCountry "GER"]
[SourceTitle "Corr 2015"]
[Source "ChessBase"]
[SourceDate "2015.07.17"]
[SourceVersion "1"]
[SourceVersionDate "2015.07.17"]
[SourceQuality "1"]

1. e4 Nc6 2. Nf3 d5 3. exd5 Qxd5 4. Nc3 Qa5 5. Bb5 Bd7 6. 0-0 0-0-0 7. d4 a6 8. Bxc6 Bxc6 9. Ne5 Be8 10. b4 Qb6 11. Be3 Nh6 12. Qd3 Qe6 13. Rab1 Nf5 14. b5 Nxe3 15. fxe3 f6 16. Nc4 axb5 17. Nxb5 Qa6 18. a4 e6 19. Qc3 Rd7 20. e4 Bh5 21. Na5 c6 22. e5 fxe5 23. Rxf8+ Rxf8 24. Qc5 Rff7 25. Nc4 Rd5 26. Nb6+ Kd8 27. Nxd5 cxd5 28. dxe5 h6 29. a5 Re7 30. Nd4 Rc7 31. Qf8+ Be8 32. Rb6 1-0

[Event "Paderborn op"]
[Site "Paderborn"]
[Date "2009.12.28"]
[Round "4"]
[White "Eichhorn, Andreas"]
[Black "Sicker, Rolf"]
[Result "1/2-1/2"]
[WhiteElo "2274"]
[BlackElo "2199"]
[PlyCount "120"]
[EventDate "2009.12.27"]
[EventType "swiss"]
[EventRounds "7"]
[EventCountry "GER"]
[SourceTitle "CBM 134 Extra"]
[Source "ChessBase"]
[SourceDate "2010.03.03"]
[SourceVersion "1"]
[SourceVersionDate "2010.03.03"]
[SourceQuality "1"]

1. c4 Nf6 2. g3 e6 3. Bg2 d5 4. Nf3 c6 5. b3 Nbd7 6. 0-0 Bd6 7. Bb2 0-0 8. d4 b6 9. Nbd2 Bb7 10. Ne5 Bxe5 11. dxe5 Ng4 12. Nf3 Qc7 13. Qd4 Nh6 14. cxd5 exd5 15. e4 c5 16. Qc3 d4 17. Nxd4 Qxe5 18. Ne2 Qxc3 19. Nxc3 Rad8 20. Rad1 f6 21. Rd2 Ne5 22. Rfd1 Nhf7 23. Nd5 Rfe8 24. h3 Kf8 25. f4 Nc6 26. Bc3 Rd7 27. a3 Red8 28. b4 Ne7 29. Nc7 Rxc7 30. Rxd8+ Nxd8 31. Rxd8+ Kf7 32. b5 Bc8 33. Bf1 Be6 34. f5 Bb3 35. g4 Nc8 36. e5 fxe5 37. Bxe5 Re7 38. Bf4 Re8 39. Rd3 Ba2 40. Bg5 h6 41. Rd7+ Kf8 42. Bf4 Re7 43. Rd2 Bb3 44. f6 gxf6 45. Bxh6+ Kf7 46. Kf2 Be6 47. Kg3 Rd7 48. Rxd7+ Bxd7 49. Bf4 Be6 50. Kf3 Ke7 51. h4 Nd6 52. h5 Nc4 53. h6 Kf7 54. Bxc4 Bxc4 55. Bb8 Bxb5 56. Bxa7 Kg6 57. Bxb6 Kxh6 58. Bxc5 Ba4 59. Be3+ Kg6 60. Ke4 Bd1 1/2-1/2